Statistics for Largest East Asian Cities on a Borderless Map

Click here to take the quiz!

General Stats

  • This quiz has been taken 71 times
  • The average score is 20 of 40

Answers on the Map

Answers color-coded by a green-red scale on the quiz's map according to % correct below.
 

Answer Stats

Answer% Correct
Seoul-Incheon
79%
Tokyo
79%
Kuala Lumpur
76%
Manila
76%
Ho Chi Minh City
74%
Bangkok
71%
Beijing
71%
Singapore
71%
Taipei
71%
Yangon
68%
Hanoi
65%
Harbin
65%
Hong Kong
65%
Nagoya
65%
Shanghai
65%
Tianjin
65%
Chengdu
62%
Jakarta
62%
Osaka-Kobe-Kyoto
59%
Guangzhou-Foshan
56%
Surabaya
56%
Bandung
50%
Qingdao
47%
Xi'an
47%
Shenzhen
44%
Wuhan
44%
Chongqing
41%
Dalian
35%
Xiamen
35%
Hangzhou
32%
Nanjing
32%
Shenyang-Fushun
29%
Suzhou
26%
Quanzhou
24%
Dongguan
21%
Fuzhou
18%
Hefei
18%
Jinan
18%
Zhengzhou
18%
Guiyang
12%

Score Distribution

Percentile by Number Answered

Percent of People with Each Score

Your Score History

You have not taken this quiz